Data Engineering for Machine Learning Pipelines : From Python Libraries to ML Pipelines and Cloud Platforms
Gespeichert in:
| 1. Verfasser: | |
|---|---|
| Format: | Buch |
| Veröffentlicht: |
Apress
|
| Tags: |
Keine Tags, Fügen Sie das erste Tag hinzu!
|
MARC
| LEADER | 00000nam a2200000Ia 4500 | ||
|---|---|---|---|
| 005 | 20260515061614.0 | ||
| 100 | |a Narayanan, Pavan Kumar. | ||
| 020 | |a 9798868806018 | ||
| 942 | |c BK | ||
| 245 | |a Data Engineering for Machine Learning Pipelines : From Python Libraries to ML Pipelines and Cloud Platforms | ||
| 260 | |b Apress | ||
| 999 | |c 4 |d 4 | ||
| 952 | |0 0 |1 0 |4 0 |7 0 |a ABDN |b ABDN |d 2026-05-15 |l 0 |p 000046 |r 2026-05-15 06:16:14 |w 2026-05-15 |y BK | ||